000 00969nam a2200253Ia 4500
003 OSt
005 20221005103650.0
006 a|||||r|||| 00| 0
007 ta
008 221004b |||||||| |||| 00| 0 hin d
020 _a8179750914 (hbk)
_c160
024 _a97346
037 _b429, 25/03/2009, Swaraj Prakashan
_cTextual
040 _aCRL
_cCRL
_bhin
041 _2hin
_ahin
082 _aY:49(Q).2, 152P4
100 _aबिपन चन्द्र
245 0 _aसांप्रदायिकता
_b एक अध्ययन
246 _aSāanpradāyikatā: ek adhyayana
260 _aदिल्ली
_bअनामिका पब्लिशर्स एंड डिस्ट्रीब्यूटर्स प्रा. लि. भारत
_c2004
300 _a95पृ0
_ccm.
942 _hY:49(Q).2, 152P4
_cTEXL
_2cc
999 _c1010552
_d1010552